[Event "Malahide Millennium Senior 2024"]
[Site "Dublin IRL"]
[Date "2024.05.05"]
[Round "3.5"]
[White "Putar, Leon"]
[Black "Singpurwala, Kevin"]
[Result "1/2-1/2"]
[WhiteElo "1939"]
[BlackElo "1924"]
[WhiteICU "1869"]
[BlackICU "1811"]
[WhiteClub "St. Benildus"]
[BlackClub "Dublin"]
[WhiteNationality "IRL"]
[BlackNationality "IRL"]
[WhiteFideId "14546612"]
[BlackFideId "2508583"]
[PlyCount "36"]
[FIDETournamentId "367381"]
[ChessResultsKey "934635"]
[Venue "Radisson Blu Hotel, Dublin Airport"]
[EventDate "2024.05.04"]

{ Event information: <a
href="https://www.irlchess.com/malahide2024_allfiles/pairings_malahide2024.html">Tournament
report</a>. }

1. e4 d5 2. exd5 Qxd5 3. d4 Nf6 4. Nf3 Bg4 5. Be2 e6 6. O-O Be7 7. Bf4 Qd8
8. h3 Bh5 9. c4 c6 10. Nc3 O-O 11. Qd2 Nbd7 12. d5 exd5 13. cxd5 Bb4 14.
dxc6 bxc6 15. Rfd1 Nd5 16. Qd4 Bxc3 17. bxc3 Qf6 18. Bd2 Rfe8 1/2-1/2

[Event "Malahide Millennium Senior 2024"]
[Site "Dublin IRL"]
[Date "2024.05.05"]
[Round "3.6"]
[White "Ivanov, Andrey"]
[Black "Hogan, Pat"]
[Result "1-0"]
[WhiteElo "2001"]
[BlackElo "1959"]
[WhiteICU "1981"]
[BlackICU "1827"]
[WhiteClub "Malahide"]
[BlackClub "Balbriggan"]
[WhiteNationality "IRL"]
[BlackNationality "IRL"]
[WhiteFideId "2514311"]
[BlackFideId "2504839"]
[PlyCount "45"]
[FIDETournamentId "367381"]
[ChessResultsKey "934635"]
[Venue "Radisson Blu Hotel, Dublin Airport"]
[EventDate "2024.05.04"]

{ Event information: <a
href="https://www.irlchess.com/malahide2024_allfiles/pairings_malahide2024.html">Tournament
report</a>. }

1. d4 Nf6 2. c4 e5 3. e3 exd4 4. exd4 Bb4+ 5. Bd2 Bxd2+ 6. Nxd2 O-O 7. Bd3
Re8+ 8. Ne2 Nc6 9. O-O d6 10. h3 Nh5 11. Re1 Bd7 12. a3 Bxh3 13. gxh3 Qh4
14. Nf1 Qxh3 15. Nfg3 Qh4 16. Nxh5 Qxh5 17. Ng3 Qg5 18. Be4 g6 19. Bxc6
bxc6 20. Qf3 d5 21. cxd5 cxd5 22. Re3 h5 23. Rae1 1-0

[Event "Malahide Millennium Senior 2024"]
[Site "Dublin IRL"]
[Date "2024.05.05"]
[Round "3.7"]
[White "Busig, Xavier Xerxes"]
[Black "Kavanagh, James"]
[Result "1-0"]
[WhiteElo "1974"]
[BlackElo "1878"]
[WhiteICU "1960"]
[BlackICU "1807"]
[BlackClub "Malahide"]
[WhiteNationality "PHI"]
[BlackNationality "IRL"]
[WhiteFideId "5206197"]
[BlackFideId "2510006"]
[PlyCount "61"]
[FIDETournamentId "367381"]
[ChessResultsKey "934635"]
[Venue "Radisson Blu Hotel, Dublin Airport"]
[EventDate "2024.05.04"]

{ Event information: <a
href="https://www.irlchess.com/malahide2024_allfiles/pairings_malahide2024.html">Tournament
report</a>. }

1. e4 c6 2. Ne2 d5 3. e5 c5 4. d4 Nc6 5. c3 cxd4 6. cxd4 Bf5 7. Ng3 Bg6 8.
h4 h5 9. Be3 e6 10. Nc3 Qb6 11. Qd2 Rd8 12. Rc1 a6 13. Be2 Nxe5 14. Na4 Qb4
15. Nc5 Bxc5 16. Rxc5 Qxd2+ 17. Kxd2 Nc6 18. Bxa6 Nge7 19. Bxb7 Nb8 20. Rc7
Rd6 21. Rhc1 Rb6 22. b3 Kd8 23. Bf4 Rf8 24. f3 Na6 25. Bxa6 Rxa6 26. a4 Rb6
27. R1c3 f6 28. a5 Ra6 29. b4 Be8 30. Rb7 Rc6 31. b5 1-0

[Event "Malahide Millennium Senior 2024"]
[Site "Dublin IRL"]
[Date "2024.05.05"]
[Round "4.1"]
[White "O'Cuilleanain, Oisin"]
[Black "Melaugh, Shane"]
[Result "0-1"]
[BlackTitle "CM"]
[WhiteElo "2060"]
[BlackElo "2102"]
[WhiteICU "2127"]
[BlackICU "2094"]
[WhiteClub "Knights of Eanna /Rathmines"]
[BlackClub "Elm Mount"]
[WhiteNationality "IRL"]
[BlackNationality "IRL"]
[WhiteFideId "2514249"]
[BlackFideId "2509580"]
[PlyCount "42"]
[FIDETournamentId "367381"]
[ChessResultsKey "934635"]
[Venue "Radisson Blu Hotel, Dublin Airport"]
[EventDate "2024.05.04"]
[WhiteFullName "O'Cuilleanain, Ois&iacute;n"]

{ Event information: <a
href="https://www.irlchess.com/malahide2024_allfiles/pairings_malahide2024.html">Tournament
report</a>. }

1. e4 c5 2. Nf3 e6 3. d4 cxd4 4. Nxd4 Nf6 5. Nc3 Nc6 6. g3 Qc7 7. Ndb5 Qb8
8. Bf4 e5 9. Bg5 a6 10. Bxf6 gxf6 11. Na3 Bb4 12. Nc4 b5 13. Ne3 Ne7 14.
Ng4 Qb6 15. Qd2 d5 16. Qe2 h5 17. Nxe5 fxe5 18. exd5 Qd4 19. Rd1 Bxc3+ 20.
bxc3 Qxc3+ 21. Rd2 Bg4 0-1

[Event "Malahide Millennium Senior 2024"]
[Site "Dublin IRL"]
[Date "2024.05.05"]
[Round "4.2"]
[White "Sarakauskas, Gediminas"]
[Black "Liu, Jason"]
[Result "1/2-1/2"]
[WhiteTitle "IM"]
[WhiteElo "2343"]
[BlackElo "1994"]
[BlackICU "1947"]
[BlackClub "Gonzaga"]
[WhiteNationality "LTU"]
[BlackNationality "IRL"]
[WhiteFideId "12800724"]
[BlackFideId "2514656"]
[PlyCount "37"]
[FIDETournamentId "367381"]
[ChessResultsKey "934635"]
[Venue "Radisson Blu Hotel, Dublin Airport"]
[EventDate "2024.05.04"]

{ Event information: <a
href="https://www.irlchess.com/malahide2024_allfiles/pairings_malahide2024.html">Tournament
report</a>. }

1. e4 e6 2. d4 d5 3. Nd2 c5 4. exd5 Qxd5 5. Ngf3 cxd4 6. Bc4 Qd7 7. O-O Nc6
8. Nb3 Nf6 9. Nbxd4 Nxd4 10. Nxd4 a6 11. Re1 Bc5 12. c3 Bxd4 13. cxd4 b5
14. Bb3 Bb7 15. Bg5 Nd5 16. Qg4 O-O 17. Rac1 Kh8 18. Qh4 Rac8 19. Bc2
1/2-1/2

[Event "Malahide Millennium Senior 2024"]
[Site "Dublin IRL"]
[Date "2024.05.05"]
[Round "4.3"]
[White "Sidney, Will"]
[Black "Collins, Adam"]
[Result "1/2-1/2"]
[BlackTitle "CM"]
[WhiteElo "1853"]
[BlackElo "2162"]
[WhiteICU "1801"]
[BlackICU "2148"]
[WhiteClub "Enniscorthy"]
[BlackClub "Malahide"]
[WhiteNationality "IRL"]
[BlackNationality "IRL"]
[WhiteFideId "2509539"]
[BlackFideId "2512300"]
[PlyCount "123"]
[FIDETournamentId "367381"]
[ChessResultsKey "934635"]
[Venue "Radisson Blu Hotel, Dublin Airport"]
[EventDate "2024.05.04"]

{ Event information: <a
href="https://www.irlchess.com/malahide2024_allfiles/pairings_malahide2024.html">Tournament
report</a>. }

1. e4 c5 2. Nf3 d6 3. d4 cxd4 4. Nxd4 Nf6 5. Nc3 Nc6 6. Bg5 e6 7. Qd2 a6 8.
O-O-O Bd7 9. Kb1 h6 10. Bh4 Nxe4 11. Nxe4 Qxh4 12. Nxd6+ Bxd6 13. Nf3 Qa4
14. b3 Qa3 15. Qxd6 Qxd6 16. Rxd6 Ke7 17. Rd2 Rhd8 18. Be2 e5 19. Rhd1 Be6
20. c4 Rxd2 21. Rxd2 a5 22. a3 g5 23. h3 f5 24. Kb2 Rg8 25. Ne1 Nd4 26. Nd3
Kf6 27. Kc3 Nxe2+ 28. Rxe2 e4 29. Nc5 b6 30. Nxe6 Kxe6 31. Rd2 g4 32. hxg4
Rxg4 33. g3 h5 34. Rd8 h4 35. gxh4 Rxh4 36. Rb8 Rh3+ 37. Kc2 Rh2 38. Rxb6+
Kd7 39. Rb5 Rxf2+ 40. Kd1 e3 41. Rxa5 f4 42. Re5 Ra2 43. a4 $6 (43. Ke1 $10
({ or } 43. Rf5 $10) { would be much more straightforward. }) 43... f3 44.
Rxe3 Ra1+ 45. Kc2 f2 46. Rf3 f1=Q 47. Rxf1 Rxf1 $10 48. Kc3 $2 ({ The
Nalimov tablebases show that } 48. a5 ({ and } 48. b4) { are the only moves
that draw. }) 48... Rf3+ $19 49. Kb4 Kc6 50. a5 Rh3 51. Ka4 Kc5 52. b4+
Kxc4 $2 (52... Kc6 ({ and } 52... Kd6) { are the only moves that win. })
53. a6 $10 Rh6 54. Ka5 Rh5+ 55. Kb6 Kxb4 56. a7 Rh6+ 57. Kb7 Kb5 58. a8=Q
Rh7+ 59. Kc8 Rh8+ 60. Kb7 Rh7+ 61. Kc8 Rh8+ 62. Kb7 1/2-1/2

[Event "Malahide Millennium Senior 2024"]
[Site "Dublin IRL"]
[Date "2024.05.05"]
[Round "4.4"]
[White "Culbeaux Tello, Oscar Abraham"]
[Black "Guinan, Cian"]
[Result "1-0"]
[WhiteTitle "FM"]
[WhiteElo "2035"]
[BlackElo "1881"]
[WhiteICU "1967"]
[BlackICU "1711"]
[WhiteClub "Ennis"]
[BlackClub "Ballinasloe"]
[WhiteNationality "MEX"]
[BlackNationality "IRL"]
[WhiteFideId "5101530"]
[BlackFideId "2505681"]
[PlyCount "63"]
[FIDETournamentId "367381"]
[ChessResultsKey "934635"]
[Venue "Radisson Blu Hotel, Dublin Airport"]
[EventDate "2024.05.04"]

{ Event information: <a
href="https://www.irlchess.com/malahide2024_allfiles/pairings_malahide2024.html">Tournament
report</a>. }

1. e4 g6 2. Nc3 Bg7 3. d3 d6 4. g3 Nd7 5. Bg2 c6 6. Nge2 h5 7. h3 b5 8. a3
e6 9. Be3 Ne7 10. Qd2 Qc7 11. O-O Rb8 12. Rae1 b4 13. axb4 Rxb4 14. Nd5
Nxd5 15. exd5 Rxb2 16. dxe6 fxe6 17. Bd4 Bxd4 18. Nxd4 Ne5 19. Nxc6 Nxc6
20. Qc3 Rxc2 21. Bxc6+ Qxc6 22. Qxh8+ Ke7 23. Qg7+ Kd8 24. Qf6+ Kc7 25.
Qxg6 e5 26. Qxh5 Bb7 27. Qh7+ Kb8 28. Qg8+ Kc7 29. Re4 Ba6 30. Qf7+ Kb6 31.
Rb1+ Bb5 32. Rc4 1-0

[Event "Malahide Millennium Senior 2024"]
[Site "Dublin IRL"]
[Date "2024.05.05"]
[Round "4.5"]
[White "Singpurwala, Kevin"]
[Black "Ivanov, Andrey"]
[Result "1/2-1/2"]
[WhiteElo "1924"]
[BlackElo "2001"]
[WhiteICU "1811"]
[BlackICU "1981"]
[WhiteClub "Dublin"]
[BlackClub "Malahide"]
[WhiteNationality "IRL"]
[BlackNationality "IRL"]
[WhiteFideId "2508583"]
[BlackFideId "2514311"]
[PlyCount "151"]
[FIDETournamentId "367381"]
[ChessResultsKey "934635"]
[Venue "Radisson Blu Hotel, Dublin Airport"]
[EventDate "2024.05.04"]

{ Event information: <a
href="https://www.irlchess.com/malahide2024_allfiles/pairings_malahide2024.html">Tournament
report</a>. }

1. d4 Nf6 2. Nf3 g6 3. g3 Bg7 4. Bg2 O-O 5. O-O d5 6. c4 c6 7. Nc3 Ne4 8.
cxd5 Nxc3 9. bxc3 cxd5 10. Qb3 Nc6 11. Bf4 e6 12. Rfe1 f5 13. Red1 b6 14.
Ne5 Na5 15. Qa4 g5 16. Bc1 Bxe5 17. dxe5 Bd7 18. Qb4 Rc8 19. Ba3 Rf7 20.
Bf1 Qc7 21. Qd6 Nc4 22. Qxc7 Rxc7 23. Bb4 Ba4 24. Rd4 Rfd7 25. Bd6 Nxd6 26.
exd6 Rc4 27. Rxc4 dxc4 28. e4 fxe4 29. Bxc4 Rxd6 30. Re1 Kf7 31. Kf1 Rc6
32. Ba6 Rxc3 33. Rxe4 Rc1+ 34. Re1 Rxe1+ 35. Kxe1 Kf6 36. Kd2 Bc6 37. Kc3
Ke5 38. Bf1 h5 39. Bh3 a5 40. a3 Bd5 41. Bf1 Kd6 42. h4 gxh4 43. gxh4 e5
44. Be2 Bf7 45. Bd3 Kc5 46. a4 Be8 47. Be2 e4 48. Bd1 Bf7 49. Bc2 Be8 50.
Bd1 Kd5 51. Bb3+ Ke5 52. Bd1 Bf7 53. Be2 Kf4 54. Kd4 Bb3 55. Bxh5 Bxa4 56.
Bg6 Bc2 57. h5 Kg5 58. Kc3 Bd1 59. Bxe4 Bxh5 60. Bc6 Be2 61. Kd2 Ba6 62.
Kc3 Kf4 63. Kd4 Be2 64. Bb7 Bf3 65. Ba6 Kf5 66. Bd3+ Ke6 67. Kc4 Kd6 68.
Kb5 Kc7 69. Bf1 Bc6+ 70. Kc4 Kd6 71. f4 b5+ 72. Kd4 a4 73. Bxb5 Bxb5 74.
Kc3 Ke6 75. Kb2 Kf5 76. Ka1 1/2-1/2

[Event "Malahide Millennium Senior 2024"]
[Site "Dublin IRL"]
[Date "2024.05.05"]
[Round "4.6"]
[White "Busig, Xavier Xerxes"]
[Black "Putar, Leon"]
[Result "0-1"]
[WhiteElo "1974"]
[BlackElo "1939"]
[WhiteICU "1960"]
[BlackICU "1869"]
[BlackClub "St. Benildus"]
[WhiteNationality "PHI"]
[BlackNationality "IRL"]
[WhiteFideId "5206197"]
[BlackFideId "14546612"]
[PlyCount "150"]
[FIDETournamentId "367381"]
[ChessResultsKey "934635"]
[Venue "Radisson Blu Hotel, Dublin Airport"]
[EventDate "2024.05.04"]

{ Event information: <a
href="https://www.irlchess.com/malahide2024_allfiles/pairings_malahide2024.html">Tournament
report</a>. }

1. e4 e6 2. d3 d5 3. Nd2 Nf6 4. g3 c5 5. Bg2 Be7 6. Ngf3 Nc6 7. O-O O-O 8.
Re1 b6 9. e5 Nd7 10. Qe2 Qc7 11. Nf1 Ba6 12. Bf4 Rae8 13. c3 Qb7 14. h4 f5
15. exf6 Bxf6 16. Qc2 e5 17. Bg5 h6 18. Bd2 Qc7 19. N3h2 Qd6 20. Rad1 Bd8
21. Bc1 Nf6 22. Ne3 Bb7 23. Nhg4 Nxg4 24. Nxg4 d4 25. Be4 Qe6 26. Qe2 Bc7
27. c4 Nd8 28. Rd2 b5 29. Rc2 bxc4 30. Rxc4 Qd6 31. b3 Ba5 32. Rf1 Bd5 33.
Ra4 Nc6 34. Ba3 Rf7 35. h5 Rc7 36. Rc1 Bc3 37. Ra6 Rb8 38. Rf1 Rb6 39. Rxb6
axb6 40. Bc1 Bf7 41. Bxc6 Qxc6 42. Nxe5 Qe8 43. g4 b5 44. Bf4 Ra7 45. f3
Bd5 46. Rf2 Re7 47. Kh2 Ba5 48. Bg3 Bc7 49. f4 Re6 50. Qc2 Bxe5 51. fxe5
Qc6 52. Qd2 Re7 53. g5 Bf3 54. gxh6 gxh6 55. Qf4 Rf7 56. Qh4 Rf5 57. Qd8+
Kf7 58. e6+ Qxe6 59. Rxf3 Rxf3 60. Qc7+ Qe7 61. Qc6 Qe2+ 62. Kh3 Qe6+ 63.
Qxe6+ Kxe6 64. Kg4 Rxd3 65. Bf4 Rd1 66. Bxh6 Rg1+ 67. Kf3 Rh1 68. Kg4 Ke5
69. Bf8 Rg1+ 70. Kh4 d3 71. Bh6 c4 72. bxc4 bxc4 73. Bd2 Kd4 74. Ba5 Rh1+
75. Kg5 c3 0-1

[Event "Malahide Millennium Senior 2024"]
[Site "Dublin IRL"]
[Date "2024.05.05"]
[Round "4.7"]
[White "Goss, Alex"]
[Black "Daly, Colm"]
[Result "0-1"]
[BlackTitle "FM"]
[WhiteElo "1914"]
[BlackElo "2181"]
[WhiteICU "1787"]
[BlackICU "2144"]
[WhiteClub "Gonzaga"]
[BlackClub "Bray/Greystones"]
[WhiteNationality "IRL"]
[BlackNationality "IRL"]
[WhiteFideId "2509407"]
[BlackFideId "2500434"]
[PlyCount "62"]
[FIDETournamentId "367381"]
[ChessResultsKey "934635"]
[Venue "Radisson Blu Hotel, Dublin Airport"]
[EventDate "2024.05.04"]

{ Event information: <a
href="https://www.irlchess.com/malahide2024_allfiles/pairings_malahide2024.html">Tournament
report</a>. }

1. e4 c5 2. Nf3 e6 3. d4 cxd4 4. Nxd4 Nf6 5. Bd3 a6 6. Nc3 d6 7. O-O Nbd7
8. Re1 g6 9. Bg5 Bg7 10. Qd2 h6 11. Bh4 g5 12. Bg3 Ne5 13. Bf1 Nh5 14. Be2
Nxg3 15. hxg3 g4 16. f4 gxf3 17. gxf3 Qg5 18. Qxg5 hxg5 19. Rad1 Bd7 20.
Nb3 Ke7 21. Na5 Rab8 22. Nc4 Nxc4 23. Bxc4 Rbc8 24. Bb3 Bxc3 25. bxc3 Rxc3
26. Rd3 Rhc8 27. Ree3 Rxd3 28. Rxd3 Bb5 29. Rd2 Rc3 30. Kf2 a5 31. a4 Bc4
0-1

[Event "Malahide Millennium Senior 2024"]
[Site "Dublin IRL"]
[Date "2024.05.05"]
[Round "4.8"]
[White "Hogan, Pat"]
[Black "Kavanagh, James"]
[Result "1/2-1/2"]
[WhiteElo "1959"]
[BlackElo "1878"]
[WhiteICU "1827"]
[BlackICU "1807"]
[WhiteClub "Balbriggan"]
[BlackClub "Malahide"]
[WhiteNationality "IRL"]
[BlackNationality "IRL"]
[WhiteFideId "2504839"]
[BlackFideId "2510006"]
[PlyCount "113"]
[FIDETournamentId "367381"]
[ChessResultsKey "934635"]
[Venue "Radisson Blu Hotel, Dublin Airport"]
[EventDate "2024.05.04"]

{ Event information: <a
href="https://www.irlchess.com/malahide2024_allfiles/pairings_malahide2024.html">Tournament
report</a>. }

1. d4 Nf6 2. Bf4 c5 3. d5 Qb6 4. Nc3 Qxb2 5. Bd2 Qb6 6. e4 d6 7. f4 e6 8.
dxe6 Bxe6 9. Nf3 Be7 10. Rb1 Qc7 11. Bb5+ Nc6 12. e5 Nd5 13. Ne4 O-O 14.
exd6 Bxd6 15. Nxd6 Qxd6 16. O-O Bg4 17. Bxc6 bxc6 18. h3 Bxf3 19. Qxf3 Nb4
20. Rfd1 Nxc2 21. Be3 Nd4 22. Qf2 Rad8 23. Rd2 Rfe8 24. Rbd1 Re4 25. Kh1
Kf8 26. Kg1 Qd5 27. Kh1 a5 28. Kg1 a4 29. Kh1 h6 30. Kg1 Qc4 31. Kh1 a3 32.
Kh2 Ke8 33. Kh1 Qc3 34. Rd3 Qb2 35. R3d2 Qb4 36. Kg1 Qc4 37. Kh2 Rd6 38.
Kh1 Rd5 39. Rd3 Nf5 40. Rxd5 cxd5 41. Bxc5 Rxf4 42. Re1+ Kd7 43. Qg1 d4 44.
Bxa3 Qc3 45. Bc1 Ng3+ 46. Kh2 Rf6 47. Rd1 Ne2 48. Qe1 Qxe1 49. Rxe1 d3 50.
Ba3 Ra6 51. Bb4 Rxa2 52. Rd1 Nf4 53. Bd2 Nd5 54. Bc1 Nb4 55. Bd2 Nd5 56.
Bc1 Nb4 57. Bd2 1/2-1/2

[Event "Malahide Millennium Senior 2024"]
[Site "Dublin IRL"]
[Date "2024.05.06"]
[Round "5.1"]
[White "Melaugh, Shane"]
[Black "Culbeaux Tello, Oscar Abraham"]
[Result "1-0"]
[WhiteTitle "CM"]
[BlackTitle "FM"]
[WhiteElo "2102"]
[BlackElo "2035"]
[WhiteICU "2094"]
[BlackICU "1967"]
[WhiteClub "Elm Mount"]
[BlackClub "Ennis"]
[WhiteNationality "IRL"]
[BlackNationality "MEX"]
[WhiteFideId "2509580"]
[BlackFideId "5101530"]
[PlyCount "35"]
[FIDETournamentId "367381"]
[ChessResultsKey "934635"]
[Venue "Radisson Blu Hotel, Dublin Airport"]
[EventDate "2024.05.04"]

{ Event information: <a
href="https://www.irlchess.com/malahide2024_allfiles/pairings_malahide2024.html">Tournament
report</a>. }

1. c4 b6 2. d4 e6 3. e4 Bb7 4. Nc3 Bb4 5. Bd3 f5 6. Qh5+ g6 7. Qe2 fxe4 8.
Bxe4 Bxe4 9. Qxe4 Nc6 10. Nf3 Nf6 11. Qd3 Qe7 12. O-O Bxc3 13. Qxc3 O-O-O
14. Re1 Qb4 15. Qd3 d5 16. Bg5 dxc4 17. Qe2 Rdf8 18. Qxe6+ 1-0

[Event "Malahide Millennium Senior 2024"]
[Site "Dublin IRL"]
[Date "2024.05.06"]
[Round "5.2"]
[White "Putar, Leon"]
[Black "Sarakauskas, Gediminas"]
[Result "1/2-1/2"]
[BlackTitle "IM"]
[WhiteElo "1939"]
[BlackElo "2343"]
[WhiteICU "1869"]
[WhiteClub "St. Benildus"]
[WhiteNationality "IRL"]
[BlackNationality "LTU"]
[WhiteFideId "14546612"]
[BlackFideId "12800724"]
[PlyCount "43"]
[FIDETournamentId "367381"]
[ChessResultsKey "934635"]
[Venue "Radisson Blu Hotel, Dublin Airport"]
[EventDate "2024.05.04"]

{ Event information: <a
href="https://www.irlchess.com/malahide2024_allfiles/pairings_malahide2024.html">Tournament
report</a>. }

1. e4 e6 2. d4 d5 3. Nc3 Nf6 4. exd5 exd5 5. Bd3 Bg4 6. Nge2 c5 7. f3 Be6
8. Bb5+ Nbd7 9. Nf4 cxd4 10. Qxd4 a6 11. Nxe6 fxe6 12. Bxd7+ Qxd7 13. Bg5
Rc8 14. O-O-O Bc5 15. Qe5 Bd6 16. Qe3 O-O 17. Rhe1 Rc6 18. Ne2 h6 19. Bf4
Bxf4 20. Nxf4 Re8 21. Qd3 Qd6 22. g3 1/2-1/2

[Event "Malahide Millennium Senior 2024"]
[Site "Dublin IRL"]
[Date "2024.05.06"]
[Round "5.3"]
[White "Collins, Adam"]
[Black "O'Cuilleanain, Oisin"]
[Result "1/2-1/2"]
[WhiteTitle "CM"]
[WhiteElo "2162"]
[BlackElo "2060"]
[WhiteICU "2148"]
[BlackICU "2127"]
[WhiteClub "Malahide"]
[BlackClub "Knights of Eanna /Rathmines"]
[WhiteNationality "IRL"]
[BlackNationality "IRL"]
[WhiteFideId "2512300"]
[BlackFideId "2514249"]
[PlyCount "47"]
[FIDETournamentId "367381"]
[ChessResultsKey "934635"]
[Venue "Radisson Blu Hotel, Dublin Airport"]
[EventDate "2024.05.04"]
[BlackFullName "O'Cuilleanain, Ois&iacute;n"]

{ Event information: <a
href="https://www.irlchess.com/malahide2024_allfiles/pairings_malahide2024.html">Tournament
report</a>. }

1. Nf3 d5 2. g3 Nc6 3. d4 Bf5 4. Bg2 Nb4 5. Na3 e6 6. O-O Be7 7. c3 Nc6 8.
Qa4 Qd7 9. b4 Ne5 10. Qxd7+ Nxd7 11. Nb5 Bd6 12. c4 a6 13. Nxd6+ cxd6 14.
cxd5 exd5 15. Bf4 Ke7 16. Rac1 Ngf6 17. Rc7 Rhb8 18. Bg5 Kd8 19. Rfc1 Be6
20. Bxf6+ Nxf6 21. Ng5 Rc8 22. Rxc8+ Rxc8 23. Rc5 Rc7 24. Rxc7 1/2-1/2

[Event "Malahide Millennium Senior 2024"]
[Site "Dublin IRL"]
[Date "2024.05.06"]
[Round "5.4"]
[White "Liu, Jason"]
[Black "Sidney, Will"]
[Result "1/2-1/2"]
[WhiteElo "1994"]
[BlackElo "1853"]
[WhiteICU "1947"]
[BlackICU "1801"]
[WhiteClub "Gonzaga"]
[BlackClub "Enniscorthy"]
[WhiteNationality "IRL"]
[BlackNationality "IRL"]
[WhiteFideId "2514656"]
[BlackFideId "2509539"]
[PlyCount "39"]
[FIDETournamentId "367381"]
[ChessResultsKey "934635"]
[Venue "Radisson Blu Hotel, Dublin Airport"]
[EventDate "2024.05.04"]

{ Event information: <a
href="https://www.irlchess.com/malahide2024_allfiles/pairings_malahide2024.html">Tournament
report</a>. }

1. e4 c5 2. Nf3 d6 3. d4 cxd4 4. Nxd4 Nf6 5. Nc3 a6 6. a4 e5 7. Nf3 Be7 8.
Bg5 Be6 9. Bxf6 Bxf6 10. Nd5 Nd7 11. Bc4 Rc8 12. Qe2 Nb6 13. Nxf6+ Qxf6 14.
Bxe6 Qxe6 15. a5 Nd7 16. c3 O-O 17. O-O Nf6 18. Ra4 Rc5 19. Rd1 Qd7 20. Rb4
1/2-1/2

[Event "Malahide Millennium Senior 2024"]
[Site "Dublin IRL"]
[Date "2024.05.06"]
[Round "5.5"]
[White "Ivanov, Andrey"]
[Black "Daly, Colm"]
[Result "0-1"]
[BlackTitle "FM"]
[WhiteElo "2001"]
[BlackElo "2181"]
[WhiteICU "1981"]
[BlackICU "2144"]
[WhiteClub "Malahide"]
[BlackClub "Bray/Greystones"]
[WhiteNationality "IRL"]
[BlackNationality "IRL"]
[WhiteFideId "2514311"]
[BlackFideId "2500434"]
[PlyCount "142"]
[FIDETournamentId "367381"]
[ChessResultsKey "934635"]
[Venue "Radisson Blu Hotel, Dublin Airport"]
[EventDate "2024.05.04"]

{ Event information: <a
href="https://www.irlchess.com/malahide2024_allfiles/pairings_malahide2024.html">Tournament
report</a>. }

1. d4 Nf6 2. c4 g6 3. Nc3 Bg7 4. e4 d6 5. Nf3 O-O 6. Be2 e5 7. Be3 Ng4 8.
Bg5 f6 9. Bh4 Nc6 10. d5 Ne7 11. h3 Nh6 12. g4 Nf7 13. Qc2 c5 14. O-O-O a6
15. Kb1 Kh8 16. Bd3 Ng8 17. Rhg1 Bd7 18. a4 Qa5 19. b3 Bh6 20. Bxf6+ Nxf6
21. g5 Nh5 22. gxh6 Nxh6 23. Ng5 Nf4 24. Bf1 Nf7 25. Nxf7+ Rxf7 26. Rg3
Raf8 27. Rd2 Qd8 28. Nd1 Qh4 29. Qc3 Nh5 30. Re3 Qg5 31. Be2 Nf4 32. Rg3
Qh4 33. Bf1 Nh5 34. Re3 Rf4 35. Qd3 Nf6 36. Bg2 Rb8 37. Nc3 Rxf2 38. Rxf2
Qxf2 39. Rf3 Qh4 40. Qf1 Kg7 41. Kb2 Rf8 42. Rf2 h6 43. Nd1 Nh7 44. Rxf8
Nxf8 45. Ne3 Nh7 46. a5 Ng5 47. Qd3 Qf2+ 48. Ka3 Qe1 49. Nc2 Qxa5+ 50. Kb2
Qd8 51. h4 Nh7 52. Bh3 Nf6 53. Bxd7 Qxd7 54. Ne3 Nh5 55. Qf1 Nf4 56. Qg1
Kh7 57. Ng4 Qe7 58. Qg3 Qf7 59. Ka2 Nh5 60. Qg2 Qf4 61. Kb2 Kg7 62. Nf2 Nf6
63. Ka3 Qxh4 64. b4 b6 65. bxc5 bxc5 66. Qf3 Qf4 67. Qe2 h5 68. Ka4 Qc1 69.
Nd3 Qxc4+ 70. Ka3 a5 71. Qf1 a4 0-1